000 01947nam a2200241Ia 4500
008 260220t9999||||xx |||||||||||||| ||spa||
040 _aPY-SlUNAC
_bspa
_erda
041 _aspa
082 _a301.15
_bP393m
100 _aCervantes, Miguel de
_eAutor
245 0 _aMis almuerzos con gente importante /
_cpor Miguel de Cervantes [Autor]
264 _a[Lugar de publicación no identificado] :
_bDopesa,
_c[Fecha de publicación no identificada].
300 _a1 volumen
520 _a"Mis almuerzos con gente importante" de Miguel de Cervantes es una obra que presenta un ingenioso diálogo entre el autor y diversas personalidades de su tiempo, explorando temas de la vida social, política y cultural del Siglo de Oro español. A través de un formato de almuerzos, Cervantes utiliza la conversación como herramienta para reflexionar sobre la naturaleza humana, el poder y la fama, al tiempo que ofrece una crítica sutil a las costumbres y comportamientos de la élite. Las interacciones con personajes ficticios y reales revelan las tensiones entre la realidad y las apariencias, así como la búsqueda del conocimiento y la verdad. La prosa ingeniosa y el estilo ameno de Cervantes hacen que la obra no solo sea entretenida, sino también un valioso documento histórico que invita a la reflexión sobre la identidad y el legado cultural de España. En definitiva, esta obra refleja la maestría del autor en la creación de diálogos que trascienden su época, ofreciendo lecciones atemporales sobre la condición humana.
653 _aGastronomía
653 _aLiteratura
942 _b2026/02/17
_cBK
999 _c6910
_d6910